| 000 | 04915cam a22019214i 4500 | ||
|---|---|---|---|
| 003 | PE-LiUPU | ||
| 005 | 20250813165459.0 | ||
| 008 | 171107s2016 sp rb 001 0 spa d | ||
| 020 | _a8490824665 | ||
| 020 | _a9788490824665 | ||
| 035 | _a(Sirsi) a239984 | ||
| 040 |
_aPE-LiUPU _bspa _cPE-LiUPU _erda |
||
| 049 | _aPRUA | ||
| 082 | 0 | 4 |
_a615.1 _bF41 _220 |
| 100 | 1 |
_aFernández Aedo, Irrintzi, _eautor. |
|
| 245 | 1 | 0 |
_aManual de farmacología práctica : _bhipertensión arterial, diabetes mellitus y dislipemias / _cIrrintzi Fernández Aedo, Sendao Ballesteros Peña, Cristina Miguélez Palomo, Teresa Morera Herreras; coordinador; Irrintzi Fernández Aedo. |
| 264 | 1 |
_aBilbao : _bUniversidad del País Vasco, _c2016. |
|
| 300 |
_a117 páginas ; _c17 centímetros |
||
| 336 |
_atext _2rdacontent |
||
| 337 |
_aunmediated _2rdamedia |
||
| 338 |
_avolume _2rdacarrier |
||
| 504 | _aBibliografía : páginas 111-112. | ||
| 504 | _aIndice : páginas 113-117. | ||
| 505 | 0 | _a¿Cómo y para qué usar esta guía? -- Formato estándar de las fichas técnicas -- Iconos de advertencia -- Iconos sobre riesgo teratogénico en el embarazo -- Glosario de abreviaturas y acrónimos -- Tratamiento farmacológico en la hipertensión arterial -- Tratamiento farmacológico en la diabetis mellitus -- Tratamiento farmacológico en las dislipemias. | |
| 526 | _aP203 | ||
| 526 | _aP200 | ||
| 526 | _aSEG65 | ||
| 526 | _aSEG64 | ||
| 526 | _aSEG63 | ||
| 526 | _aSEG62 | ||
| 526 | _aSEG61 | ||
| 526 | _aSEG60 | ||
| 526 | _aSEG59 | ||
| 526 | _aSEG58 | ||
| 526 | _aSEG57 | ||
| 526 | _aSEG56 | ||
| 526 | _aSEG55 | ||
| 526 | _aSEG54 | ||
| 526 | _aSEG53 | ||
| 526 | _aSEG52 | ||
| 526 | _aSEG51 | ||
| 526 | _aSEG50 | ||
| 526 | _aSEG49 | ||
| 526 | _aSEG48 | ||
| 526 | _aSEG47 | ||
| 526 | _aSEG46 | ||
| 526 | _aSEG24 | ||
| 526 | _aSEG23 | ||
| 526 | _aSEG22 | ||
| 526 | _aSEG21 | ||
| 526 | _aSEG20 | ||
| 526 | _aSEG19 | ||
| 526 | _aSEG18 | ||
| 526 | _aSEG17 | ||
| 526 | _aSEG16 | ||
| 526 | _aSEG14 | ||
| 526 | _aSEG13 | ||
| 526 | _aSEG12 | ||
| 526 | _aSEG11 | ||
| 526 | _aSEG10 | ||
| 526 | _aSEG09 | ||
| 526 | _aSEG06 | ||
| 526 | _aSEG05 | ||
| 526 | _aSEG04 | ||
| 526 | _aSEG03 | ||
| 526 | _aSEG02 | ||
| 526 | _aSEG68 | ||
| 526 | _aSEG66 | ||
| 526 | _aSEG45 | ||
| 526 | _aSEG25 | ||
| 526 | _aSEG01 | ||
| 526 | _aP163 | ||
| 526 | _aP162 | ||
| 526 | _aP161 | ||
| 526 | _aP160 | ||
| 526 | _aP159 | ||
| 526 | _aP158 | ||
| 526 | _aP157 | ||
| 526 | _aP156 | ||
| 526 | _aP155 | ||
| 526 | _aP154 | ||
| 526 | _aP153 | ||
| 526 | _aP152 | ||
| 526 | _aP151 | ||
| 526 | _aP150 | ||
| 526 | _aP149 | ||
| 526 | _aP142 | ||
| 526 | _aP141 | ||
| 526 | _aP140 | ||
| 526 | _aP139 | ||
| 526 | _aP138 | ||
| 526 | _aP137 | ||
| 526 | _aP132 | ||
| 526 | _aP131 | ||
| 526 | _aP130 | ||
| 526 | _aP126 | ||
| 526 | _aP125 | ||
| 526 | _aP124 | ||
| 526 | _aP123 | ||
| 526 | _aP115 | ||
| 526 | _aP122 | ||
| 526 | _aP121 | ||
| 526 | _aP116 | ||
| 526 | _a P114 | ||
| 526 | _aP112 | ||
| 526 | _aP111 | ||
| 526 | _aP104 | ||
| 526 | _aP103 | ||
| 526 | _aP102 | ||
| 526 | _aP101 | ||
| 526 | _aP100 | ||
| 526 | _aP96 | ||
| 526 | _aP95 | ||
| 526 | _aP93 | ||
| 526 | _aP92 | ||
| 526 | _aP91 | ||
| 526 | _aP88 | ||
| 526 | _aP83 | ||
| 526 | _aP82 | ||
| 526 | _aP79 | ||
| 526 | _aP78 | ||
| 526 | _aP75 | ||
| 526 | _aP74 | ||
| 526 | _aP71 | ||
| 526 | _aP69 | ||
| 526 | _a P51 | ||
| 526 | _aP49 | ||
| 526 | _aP48 | ||
| 526 | _aP47 | ||
| 526 | _aP33 | ||
| 526 | _aP31 | ||
| 526 | _a P30 | ||
| 526 | _aP29 | ||
| 526 | _aP27 | ||
| 526 | _aP26 | ||
| 526 | _aP25 | ||
| 526 | _aP24 | ||
| 526 | _a P22 | ||
| 526 | _aP10 | ||
| 526 | _aP09 | ||
| 526 | _a P08 | ||
| 526 | _aP06 | ||
| 526 | _aP05 | ||
| 526 | _aP04 | ||
| 526 | _aP01 | ||
| 526 | 8 |
_iPrograma académico : _5PE-LiUPU |
|
| 541 | _g0001-0042201; | ||
| 650 | 0 | 4 | _aHipertensión arterial. |
| 650 | 0 | 4 | _aFarmacología. |
| 650 | 0 | 4 | _aDiabetes. |
| 650 | 0 | 4 | _aArterial hypertension. |
| 650 | 0 | 4 | _aPharmacology. |
| 650 | 0 | 4 | _aDiabetes. |
| 700 | 1 |
_aBallesteros Peña,Sendoa, _eautor. |
|
| 700 | 1 |
_aMiguélez Palomo,Cristina, _eautor. |
|
| 700 | 1 |
_aMorera Herreras, Teresa, _eautor. |
|
| 910 |
_adbm _bncf _cncf _d20171107 |
||
| 942 |
_2ddc _cBOOK |
||
| 994 |
_aC0 _bPEPRU |
||
| 596 | _a1 | ||
| 999 |
_a615.1 F41 _wDEWEY _c25640 _i76931 _d25640 _e2019-6-6 _f2021-11-4 _g4 _lCCODEBUL1 _mBUL _n9 _p4.27 _q6 _r0 _sY _tBOOK _u2017-11-7 _xSALUD _zP30 _0COMPRA _o.STAFF. Colección Ciencias de la Salud |
||
| 999 |
_a615.1 F41 _wDEWEY _c2 _i76932 _d2019-11-5 _e2019-6-3 _f2019-2-20 _g2 _lLOST _mBUL _n6 _p4.27 _q6 _r0 _sY _tBOOK _u2017-11-7 _xSALUD _PP30 _0COMPRA _o.STAFF. Colección Ciencias de la Salud |
||
| 980 |
_81 _gALBERTO SANCHEZ Responsable de Automatización |
||